Missing Word: 5-Letter TV Shows A-Z Quiz Stats

 Plays Quiz Updated Oct 18, 2014

Challenge
Share
Tweet
Embed
Score 0/24 Timer 03:00
1 Play Today
Hint Answer % Correct
Law & ____Order
98.3%
The ____ DeGeneres ShowEllen
97.6%
Friday ____ LightsNight
97.6%
Six Feet ____Under
97.5%
Downton ____Abbey
96.1%
Las ____Vegas
95.5%
Murder, She ____Wrote
95.3%
Boy ____ WorldMeets
95.2%
It's Always ____ in PhiladelphiaSunny
93.7%
____ Kimmel Live!Jimmy
93.6%
Full ____House
93.5%
House of ____Cards
93.4%
Hint Answer % Correct
The Wonder ____Years
91.2%
8 Simple ____Rules
89.9%
Pretty Little ____Liars
89.7%
The Golden ____Girls
87.6%
Twin ____Peaks
86%
Dr. ____, Medicine WomanQuinn
82.1%
Without a ____Trace
77.5%
La ____ NikitaFemme
67.6%
____ MomsDance
51.7%
An ____ AbroadIdiot
47.8%
Cowboy ____Bebop
20%
The Legend of ____Korra
18.8%

Today's Daily Dose

You're not logged in!

Compare scores with friends on all Sporcle quizzes.
Join for Free
OR
Log In

You Might Also Like...

Show Comments

Extras

Top Quizzes Today


Score Distribution

Your Account Isn't Verified!

In order to create a playlist on Sporcle, you need to verify the email address you used during registration. Go to your Sporcle Settings to finish the process.

Report this User

Report this user for behavior that violates our Community Guidelines.

Details: